Spain National Football Team Players - Statistics

General Stats
  • This quiz has been taken 45 times
    29 since last reset
  • The average score is 18 of 35
Answer Stats
Answer % Correct
Lamine Yamal
89%
David Raya
86%
Ferran Torres
82%
Jordi Alba
82%
Pau Torres
82%
Pedri
82%
Unai Simon
79%
Gavi
75%
Alvaro Morata
68%
Nico Williams
68%
Sergio Busquets
68%
Alejandro Balde
64%
Aymeric Laporte
64%
Robert Sanchez
64%
Rodri
64%
Daniel Carvajal
54%
Dani Olmo
50%
Koke
46%
Luis de la Fuente
46%
Marco Asensio
46%
Eric Garcia
43%
Inigo Martinez
39%
Diego Llorente
36%
Marcos Llorente
36%
Carlos Soler
32%
Arnau Tenas
29%
Borja Iglesias
29%
Jose Gaya
29%
Yeremy Pino
29%
Pablo Sarabia
25%
Ansu Fati
21%
Hugo Guillamon
14%
Raul de Tomas
14%
Cesar Azpilicueta
11%
Marcos Alonso
11%
No matching quizzes found
Score Distribution
Percent of People with Each Score
Percentile by Number Answered
Your Score History
You have not taken this quiz since the last reset